Statistiques concernant Discographie de Luv Resval

Cliquez ici pour prendre le quiz!

Statistiques générales

  • Ce quiz a été pris 244 fois
  • Le résultat moyen est 30 sur 67

Statistiques - réponses

Étoile Noire% Correct
11Tout s'en va
80%
1Les Borgia
79%
8Cette fille
77%
MPC
77%
7MPC, Part II (La rivière)
76%
Célébration (feat. Alkpote)
73%
4Mariah (feat. Alkpote)
69%
10Athéna (feat. Dinos)
67%
15Hadès (feat. Lujipeka)
66%
10Flûte de pan
65%
2Célébration 2 (feat. Kore & Alkpote)
61%
6Picsou
61%
4Tatooine (feat. Savage Toddy)
55%
12Jamais revenue (feat. Josman)
54%
520 ans
52%
18Caramelo
52%
4¥2S n°4 : Katon
51%
16Blue Ferrari (feat. Savage Toddy)
51%
Crystal Lake (feat. Freeze Corleone)
51%
19Jusqu'au lendemain
51%
9Les anges
51%
17Haze (feat. Chily)
50%
2Wallachia
49%
696
48%
3Bonaparte
48%
5Super Saïyen 2
48%
13La princesse et le crapaud
47%
1Luv de Vinci
47%
3Super Saïyen 1
47%
5Xan
47%
6¥2S n°6 : ZLM
46%
7Kurt (feat. Zefor)
46%
1Black Pearl
45%
4Armageddon
44%
14J'ai fait un rêve
42%
5¥2S n°5 : Shadow
41%
Side
41%
1¥2S n°1 : Rocky
40%
2¥2S n°2 : Ezio Auditore
40%
7Chemin vers le ciel
40%
Smith & Wesson
40%
6Vengeance (feat. Koba la D)
40%
9Balade Nocturne, Part II
39%
Joe Dalton
39%
8Hôtel California
38%
11LV Rose (feat. Holly Evans)
38%
2Dyrroth
36%
12Nostalgie
36%
15Triangle des Bermudes
36%
3¥2S n°3 : Vampire Rolls Royce
35%
14Combo 696
35%
6Phone (feat. Savage Toddy & Roni0Block)
35%
3Space Cake (feat. Savage Toddy)
35%
4Pellicule
34%
Judas
33%
5Rockstar (feat. Alkpote)
33%
Boosk'Anakin
31%
13Larmes de l'Étoile
30%
Thor (feat. Diddi Trix)
29%
3Dard velu (feat. Alkpote)
28%
Wall E
27%
Règlement Rouge Freestyle
26%
2Like Yeah (feat. Alkpote)
25%
Skywalker (#TalentOKLM)
25%
1Real Racks (feat. Alkpote)
24%
¥11
19%
Règlement Space #12
18%

Distribution des résultats

Percentile par nombre de réponses

% des personnes avec chaque résultat

Votre développement - résultats

Vous n’avez pas pris ce quiz